Námety ekohier k environmentálnej výchove

Bibliographic Details
Main Author: Mršková, Betty (Author)
Format: Article
Language:Slovak
Subjects:

MARC

LEADER 00000nab a2200000 a 4500
001 vtls001505955
003 SK-MaSNL
005 20260304140235.0
008 250505s19981999xo 000 0 slo
035 |a SPKCL8282 
035 |a urn:nbn:sk:snk-ab2gtb 
035 |a (urnnbn)urn:nbn:sk:snk:ar-a02em9 
035 |a (uuid)caf91cf4-a5d7-498e-a5ac-55e021940226 
040 |a SNKBUCL  |b slo  |c SNKBUCL  |e AACR2 
041 0 |a slo 
044 |a xo  |c SK 
080 |a 37.01:502.7:371.382  |2 1981 
100 1 |a Mršková, Betty  |4 aut  |9 688011 
245 1 0 |a Námety ekohier k environmentálnej výchove  |c Betty Mršková 
650 0 7 |a environmentálna výchova a vzdelávanie  |2 snkbucl  |9 67556 
650 0 7 |a ekologické hry  |2 snkbucl  |9 1451778 
773 0 |t Naša škola  |g Roč. 2, č. 6 (1998/1999) s. 16-21 
850 |a Slovenská národná knižnica 
852 |a Slovenská národná knižnica 
954 |a odborná, vedecká literatúra pôvodná (slovenská)  |2 lita 
958 |a article27 
958 |a OND 
958 |a EUIPO 
999 |c 2914421  |d 2916351